| Tag |
First Indicator |
Second Indicator |
Subfields |
| LEADER |
00000cam a2200000 i 4500 |
| 001 |
in00003598621 |
| 005 |
20210430152456.0 |
| 006 |
m o d f |
| 007 |
cr c|||||||||| |
| 008 |
150803s2013 mdua obs f000 0 eng c |
| 035 |
|
|
|a (OCoLC)ocn915343867
|
| 042 |
|
|
|a pcc
|
| 043 |
|
|
|a n-us---
|
| 040 |
|
|
|a GPO
|b eng
|e rda
|e pn
|c GPO
|d MvI
|
| 049 |
|
|
|a WWW
|
| 074 |
|
|
|a 0507-G-93 (online)
|
| 086 |
0 |
|
|a HE 20.3199/9:23
|
| 245 |
0 |
0 |
|a Health information technology and meaningful use.
|
| 264 |
|
1 |
|a [Bethesda, Md.] :
|b Department of Health and Human Services, National Institutes of Health, National Cancer Institute, Health Information National Trends Survey,
|c 2013.
|
| 300 |
|
|
|a 1 online resource (2 unnumbered pages) :
|b color illustrations.
|
| 336 |
|
|
|a text
|b txt
|2 rdacontent
|
| 337 |
|
|
|a computer
|b c
|2 rdamedia
|
| 338 |
|
|
|a online resource
|b cr
|2 rdacarrier
|
| 490 |
1 |
|
|a Hints briefs ;
|v number 23
|
| 500 |
|
|
|a Title from title screen (viewed Aug. 3, 2015).
|
| 500 |
|
|
|a "February 2013."
|
| 504 |
|
|
|a Includes bibliographical reference.
|
| 650 |
|
0 |
|a Medical records
|x Data processing.
|
| 650 |
|
0 |
|a Information storage and retrieval systems
|x Medical care.
|
| 650 |
|
0 |
|a Medical informatics.
|
| 650 |
|
0 |
|a Cancer
|x Patients
|x Attitudes.
|
| 650 |
|
0 |
|a Human behavior
|v Statistics.
|
| 710 |
2 |
|
|a Health Information National Trends Survey,
|e issuing body.
|
| 830 |
|
0 |
|a Hints briefs ;
|v no. 23.
|
| 856 |
4 |
0 |
|u https://purl.fdlp.gov/GPO/gpo59563
|t 0
|
| 856 |
4 |
0 |
|u http://purl.fdlp.gov/GPO/gpo59563
|t 0
|
| 999 |
f |
f |
|s 36f28e15-d985-335d-a5ab-60f554873d94
|i d94c2b48-12b3-3df8-b6f7-c59fa91977ad
|t 0
|
| 952 |
f |
f |
|a Texas A&M University
|b College Station
|c Electronic Resources
|d Available Online
|t 0
|e HE 20.3199/9:23
|h Superintendent of Documents classification
|
| 998 |
f |
f |
|a HE 20.3199/9:23
|t 0
|l Available Online
|